000 00505nam a2200181Ia 4500
005 20250326124209.0
008 250326s9999 xx 000 0 und d
037 _aTextbook
040 _aFMSL
_beng
_cFMSL
041 _aeng
_2eng
084 _aX:51(SNI) L8
_qFMSL
100 _aLevy S J
_9736964
245 0 _aMarketplace behavior-its meaning for management
_cLevy S J
260 _aUSA
_bUSA, Amacom
_c1978
300 _a257p
942 _cTB
_hX:51(SNI) L8
999 _c1272694
_d1272694